| 000 | 00898nam a22002897a 4500 | ||
|---|---|---|---|
| 001 | 6605 | ||
| 003 | FISKH | ||
| 005 | 20250827141615.0 | ||
| 008 | 250513b cb ||||| |||| 00| 0 eng d | ||
| 020 | _a9780531204276 | ||
| 040 |
_aFISKH _beng _cFISKH _dFISKH |
||
| 050 | _aGV867.5 .B45 | ||
| 082 | _a796.357 | ||
| 100 | _aBehrens, Janice | ||
| 245 |
_aLet's talk baseball / _cBy Janice Behrens |
||
| 250 | _aThis edition first published in 2009 | ||
| 260 |
_aNew York : _bScholastic, _c2009 |
||
| 300 |
_a24 pages : _bcolor illustrations ; _c21 cm |
||
| 505 | _aL | ||
| 520 | _aPhotographs and simple text describe the various positions on a baseball diamond, baseball gear and equipment, and running the bases. | ||
| 521 | 8 |
_a510
_bLexile |
|
| 521 | 8 |
_aL
_bRaz-Plus |
|
| 650 |
_2Sports _aRecreation |
||
| 650 |
_2Baseball _aVocabulary |
||
| 942 |
_2ddc _cBK _n0 |
||
| 999 |
_c6605 _d6605 |
||